MARC details
| 000 -LEADER |
| fixed length control field |
02140cam a22005177i 4500 |
| 001 - CONTROL NUMBER |
| control field |
13627029 |
| 003 - CONTROL NUMBER IDENTIFIER |
| control field |
EG-ScBUE |
| 005 - DATE AND TIME OF LATEST TRANSACTION |
| control field |
20221128112953.0 |
| 006 - FIXED-LENGTH DATA ELEMENTS--ADDITIONAL MATERIAL CHARACTERISTICS--GENERAL INFORMATION |
| fixed length control field |
m||||fq||h 00| 0 |
| 008 - FIXED-LENGTH DATA ELEMENTS--GENERAL INFORMATION |
| fixed length control field |
040617s2004 gw a f b 001 0 eng d |
| 020 ## - INTERNATIONAL STANDARD BOOK NUMBER |
| International Standard Book Number |
3540211403 (hd.bd.) |
| 020 ## - INTERNATIONAL STANDARD BOOK NUMBER |
| International Standard Book Number |
9773540211403 |
| 035 ## - SYSTEM CONTROL NUMBER |
| System control number |
(CStRLIN)NYUGB12989880-B |
| 035 ## - SYSTEM CONTROL NUMBER |
| System control number |
(NYU)NYUb12989880 |
| 035 ## - SYSTEM CONTROL NUMBER |
| System control number |
(OCoLC)ocm56492196 |
| 040 ## - CATALOGING SOURCE |
| Original cataloging agency |
OHX |
| Language of cataloging |
eng |
| Description conventions |
rda |
| Transcribing agency |
OHX |
| Modifying agency |
AZS |
| -- |
CStRLIN |
| -- |
DLC |
| -- |
EG-ScBUE |
| 041 1# - LANGUAGE CODE |
| Language code of text/sound track or separate title |
eng |
| Language code of original and/or intermediate translations of text |
ger |
| 082 04 - DEWEY DECIMAL CLASSIFICATION NUMBER |
| Classification number |
778.36 |
| Edition number |
22 |
| Item number |
JAC |
| 100 1# - MAIN ENTRY--PERSONAL NAME |
| Personal name |
Jacobs, Corinna, |
| Relator term |
author. |
| 240 10 - UNIFORM TITLE |
| Uniform title |
<a href="Digitale Panoramen.">Digitale Panoramen.</a> |
| Language of a work |
English |
| 245 10 - TITLE STATEMENT |
| Title |
Interactive panoramas : |
| Remainder of title |
techniques for digital panoramic photography / |
| Statement of responsibility, etc |
Corinna Jacobs. |
| 264 #1 - PUBLICATION, DISTRIBUTION, ETC. (IMPRINT) |
| Place of publication, distribution, etc |
Berlin : |
| Name of publisher, distributor, etc |
Springer, |
| Date of publication, distribution, etc |
2004. |
| 300 ## - PHYSICAL DESCRIPTION |
| Extent |
xiii, 248 pages : |
| Other physical details |
illustrations (some color) ; |
| Dimensions |
25 cm + |
| Accompanying material |
1 CD |
| 336 ## - CONTENT TYPE |
| Source |
rdacontent |
| Content type term |
text |
| Content type code |
txt |
| 336 ## - CONTENT TYPE |
| Source |
rdacontent |
| Content type term |
sounds |
| Content type code |
snd |
| 337 ## - MEDIA TYPE |
| Source |
rdamedia |
| Media type term |
unmediated |
| Media type code |
n |
| 337 ## - MEDIA TYPE |
| Source |
rdamedia |
| Media type term |
audio |
| Media type code |
s |
| 338 ## - CARRIER TYPE |
| Source |
rdacarrier |
| Carrier type term |
volume |
| Carrier type code |
nc |
| 338 ## - CARRIER TYPE |
| Source |
rdacarrier |
| Carrier type term |
computer disc |
| Carrier type code |
cd |
| 500 ## - GENERAL NOTE |
| General note |
Translated from the first edition of the German 'Digitale Panoramen' (Springer-Verlag 2004, ISBN 3-540-00300-2) by Jeff Parrish, Göppingen, Germany. Updated by the author"--T.p. verso. |
| 504 ## - BIBLIOGRAPHY, ETC. NOTE |
| Bibliography, etc |
Includes bibliographical references and index. |
| 546 ## - LANGUAGE NOTE |
| Language note |
Text in English ; translated from the original Germany.<br/> |
| 650 #7 - SUBJECT ADDED ENTRY--TOPICAL TERM |
| Topical term or geographic name as entry element |
Photography, Panoramic. |
| Source of heading or term |
BUEsh |
| 650 #7 - SUBJECT ADDED ENTRY--TOPICAL TERM |
| Topical term or geographic name as entry element |
Photography |
| General subdivision |
Digital techniques. |
| Source of heading or term |
BUEsh |
| 650 #7 - SUBJECT ADDED ENTRY--TOPICAL TERM |
| Topical term or geographic name as entry element |
Interactive multimedia. |
| Source of heading or term |
BUEsh |
| 653 ## - INDEX TERM--UNCONTROLLED |
| Resource For college |
Arts and Design |
| Arrived date list |
March2022 |
| 655 ## - INDEX TERM--GENRE/FORM |
| Form subdivision |
Reading book |
| 856 41 - ELECTRONIC LOCATION AND ACCESS |
| Materials specified |
Table of contents |
| Uniform Resource Identifier |
<a href="http://www.loc.gov/catdir/toc/fy055/2004109053.html">http://www.loc.gov/catdir/toc/fy055/2004109053.html</a> |
| 856 42 - ELECTRONIC LOCATION AND ACCESS |
| Materials specified |
Contributor biographical information |
| Uniform Resource Identifier |
<a href="http://www.loc.gov/catdir/enhancements/fy0818/2004109053-b.html">http://www.loc.gov/catdir/enhancements/fy0818/2004109053-b.html</a> |
| 856 42 - ELECTRONIC LOCATION AND ACCESS |
| Materials specified |
Publisher description |
| Uniform Resource Identifier |
<a href="http://www.loc.gov/catdir/enhancements/fy0818/2004109053-d.html">http://www.loc.gov/catdir/enhancements/fy0818/2004109053-d.html</a> |
| 906 ## - LOCAL DATA ELEMENT F, LDF (RLIN) |
| a |
7 |
| b |
cbc |
| c |
pccadap |
| d |
2 |
| e |
epcn |
| f |
20 |
| g |
y-gencatlg |
| 942 ## - ADDED ENTRY ELEMENTS (KOHA) |
| Source of classification or shelving scheme |
Dewey Decimal Classification |
| Koha item type |
Book - Borrowing |